000 00359nam a2200133Ia 4500
008 240624s9999 xx 000 0 und d
041 _aeng
082 _a304.873 HIG
100 _aHIGLEY JOHN
245 _aIMMIGRATION AND THE FINANCIAL CRISIS THE
260 _c2011
_aUnited Kingdom
_bEdward Elgar
300 _axiv, : 226 : p. : cm. ; 24
365 _cGBP
_b50
999 _c27243
_d27243